al-Marʾah wa-al-aḥzāb fī al-intikhābāt al-niyābīyah li-ʻām 1997 : waqāʾiʻ ḥalqat naqqāsh /

Saved in:
Bibliographic Details
Corporate Author: Markaz al-Riyādah lil-Maʻlūmāt wa-al-Dirāsāt (Amman, Jordan)
Other Authors: ʻUssāf, Niẓām.
Format: Book
Language:Arabic
Published: ʻAmmān, al-Urdun : Markaz al-Riyādah lil-Maʻlūmāt wa-al-Dirāsāt, 1997.
Series:Silsilat al-mujtamaʻ al-madanī wa-al-niẓām al-barlamānī ; 5.
Subjects:
Tags: Add Tag
No Tags, Be the first to tag this record!
LEADER 01340nam a2200289 a 4500
001 007764809-9
005 20020606104010.5
008 971114s1997 jo 100|0 ara d
035 0 |a ocm39015555 
043 |a a-jo--- 
245 0 3 |a al-Marʾah wa-al-aḥzāb fī al-intikhābāt al-niyābīyah li-ʻām 1997 :  |b waqāʾiʻ ḥalqat naqqāsh /  |c al-muḥarrir al-masʾūl Niẓām ʻUssāf. 
246 1 |i Title on p. [4] of cover:  |a Women and parties in parlaiamentary [sic] elections for the year 1997 
246 3 |a Women and parties in the parliamentary elections for the year 1997 
260 |a ʻAmmān, al-Urdun :  |b Markaz al-Riyādah lil-Maʻlūmāt wa-al-Dirāsāt,  |c 1997. 
300 |a 87 p. ;  |c 20 cm. 
490 1 |a Silsilat al-mujtamaʻ al-madanī wa-al-niẓām al-barlamānī ;  |v 5 
610 1 0 |a Jordan.  |b Majlis al-Ummah  |x Elections, 1997  |v Congresses. 
650 0 |a Women  |x Political activity  |z Jordan  |v Congresses. 
650 0 |a Elections  |z Jordan  |v Congresses. 
650 0 |a Political parties  |z Jordan  |v Congresses. 
651 0 |a Jordan  |x Politics and government  |v Congresses. 
710 2 |a Markaz al-Riyādah lil-Maʻlūmāt wa-al-Dirāsāt (Amman, Jordan) 
700 1 |a ʻUssāf, Niẓām. 
752 |a Jordan  |d Amman. 
830 0 |a Silsilat al-mujtamaʻ al-madanī wa-al-niẓām al-barlamānī ;  |v 5. 
988 |a 20020608 
906 |0 MH